Variational methods in optimization /

Guardado en:
Autor Principal: Smith, Donald R. 1939 Jan. 23-
Formato: Libro
Idioma:English
Publicado: Englewood Cliffs, N.J. : Prentice-Hall, c1974.
Etiquetas: Agregar Etiqueta
Sin Etiquetas, Sea el primero en etiquetar este registro!
LEADER 00603cam a22001815 4500
001 MAT.inmabb002011
008 730220s1974####njua#####b####001#0#eng#d
005 20130308134130.0
245 1 0 |a Variational methods in optimization /  |c Donald R. Smith. 
260 |a Englewood Cliffs, N.J. :  |b Prentice-Hall,  |c c1974. 
300 |a xv, 378 p. :  |b il. ;  |c 25 cm. 
504 |a Incluye referencias bibliográficas. 
510 4 |a MR,  |c 49 #11341 
020 |a 0139406271 
100 1 |a Smith, Donald R.  |q (Donald Ray),  |d 1939 Jan. 23- 
084 |a 49-01  |2 msc2000 
010 |a  72009884  
859 |h 49  |i Sm642  |p A-3644  |b BIB. MATEMATICA